Fideicomisos vinculados con negocios inmobiliarios. Algunas consideraciones fiscales (Registro nro. 12995)

Detalles MARC
000 -LEADER
fixed length control field 00361 a2200109 4500
001 - CONTROL NUMBER
control field ART_7622
005 - DATE AND TIME OF LATEST TRANSACTION
control field 20260410161637.0
008 - FIXED-LENGTH DATA ELEMENTS--GENERAL INFORMATION
fixed length control field 260409a
100 1# - MAIN ENTRY--PERSONAL NAME
Personal name Calcagno, Gabriel A
245 10 - TITLE STATEMENT
Title Fideicomisos vinculados con negocios inmobiliarios. Algunas consideraciones fiscales
773 0# - HOST ITEM ENTRY
Title Consultor tributario
Related parts - Nº 5 (jul. 2007)
Record control number REV474

No hay ítems disponibles.